000 00279nam a2200121Ia 4500
008 190216s9999||||xx |||||||||||||| ||und||
100 _aRamachandra Takran
245 0 _aHindi-Zindagi Ke Thane Baje
260 _bPars Prakashan
300 _a184
650 _aHindi
942 _cBK
999 _c16203
_d16203